[Event "Melbourne op"]
[Site "Melbourne"]
[Date "2024.04.05"]
[Round "6"]
[White "Hartley, James"]
[Black "Stolyarov, Michael"]
[Result "1-0"]
[WhiteElo "1885"]
[BlackElo "1899"]
[PlyCount "69"]
[EventDate "2024.04.03"]
[EventType "swiss"]
[EventRounds "9"]
[EventCountry "AUS"]
[SourceTitle "CB18_2024"]
[SourceDate "2024.05.01"]
[SourceVersion "1"]
[SourceVersionDate "2024.05.01"]
[SourceQuality "2"]

1. e4 c5 2. Nf3 e6 3. d4 cxd4 4. Nxd4 a6 5. c4 Qc7 6. Nc3 Nf6 7. Qd3 b6 8. Be2 Bb7 9. Be3 d6 10. f3 Nbd7 11. b3 Rc8 12. Rc1 Be7 13. 0-0 0-0 14. Rfd1 Rfd8 15. Qd2 Qb8 16. Kh1 Bf8 17. Nc2 Qa8 18. Na4 d5 19. e5 Ne8 20. Nxb6 Nxb6 21. Bxb6 Rd7 22. Qe3 Qb8 23. c5 Nc7 24. b4 d4 25. Rxd4 Nd5 26. Qd2 Nxb6 27. cxb6 Rxd4 28. Qxd4 Rc6 29. Bd3 Bc8 30. Qe4 g6 31. Qxc6 Qxe5 32. Qxc8 Kg7 33. Na1 Bxb4 34. b7 Bd6 35. Qc3 1-0